000 00469cam a22001812 4500
001 0000001005
005 20170406113043.0
008 131122s xx 000 0 eng d
020 _c$
040 _aYour Holding Symbol
_cYour Holding Symbol
100 1 _aBroucker,De.
245 1 0 _aDom HELDER Camara.
250 _a ed.
260 _aU.S.A :
_bObis books,
_c1969.
300 _a154 p. ;
_c cm.
650 0 _atheology.
908 _a131122
999 _c924
_d924